Statistics for Vehicles/Transportations That Start With O

Click here to take the quiz!

General Stats

  • This quiz has been taken 3 times
  • The average score is 2 of 18

Answer Stats

Answer% Correct
Ocean Liner
67%
Oldsmobile
67%
Off-Road Vehicle
33%
Oil Tanker
33%
Opel
33%
Oar
0%
Oettinger
0%
OldsbergsMSE
0%
Old Yeller
0%
Omnibus
0%
Orca
0%
Oreca
0%
Osca
0%
Osella
0%
Outboard Motor
0%
Outrigger Canoe
0%
Oxcart
0%
Oxen
0%

Score Distribution

Percentile by Number Answered

Percent of People with Each Score

Your Score History

You have not taken this quiz